| Tag |
First Indicator |
Second Indicator |
Subfields |
| LEADER |
00000cam a2200000 a 4500 |
| 001 |
in00002016274 |
| 008 |
040813s2004 nyu 000 f eng |
| 005 |
20250424181400.3 |
| 010 |
|
|
|a 2004019235
|
| 015 |
|
|
|a GBA465366
|2 bnb
|
| 016 |
7 |
|
|a 012986495
|2 Uk
|
| 020 |
|
|
|a 074348858X
|q (hc)
|
| 020 |
|
|
|a 9780743488587
|q (hc)
|
| 029 |
1 |
|
|a AU@
|b 000026824186
|
| 029 |
1 |
|
|a AU@
|b 000040422357
|
| 029 |
1 |
|
|a NZ1
|b 8808989
|
| 035 |
|
|
|a (OCoLC)ocm56650860
|
| 035 |
|
|
|a (OCoLC)56650860
|
| 035 |
|
|
|a (OCoLC)ocm56650860
|
| 040 |
|
|
|a DLC
|b eng
|c DLC
|d UBY
|d UKM
|d C#P
|d BAKER
|d BTCTA
|d CQU
|d JQD
|d OCLCQ
|d BDX
|d OCLCO
|d OCLCQ
|d OCLCF
|d NZAUC
|d OCLCO
|d OCL
|d HCO
|d OCLCO
|d OCLCL
|d OCLCQ
|d OCLCL
|d IG#
|d TXA
|
| 042 |
|
|
|a pcc
|
| 050 |
0 |
0 |
|a PS3568.O786
|b G836 2004
|
| 082 |
0 |
0 |
|a 813/.54
|2 22
|
| 100 |
1 |
|
|a Rosenberg, Joel,
|d 1954-2011.
|1 https://id.oclc.org/worldcat/entity/E39PBJpYr643M6bpH3m9dxmKh3
|
| 245 |
1 |
0 |
|a Guardians of the flame :
|b to home and Ehvenor /
|c Joel Rosenberg.
|
| 246 |
3 |
0 |
|a To home and Ehvenor
|
| 264 |
|
1 |
|a Riverdale, NY :
|b Baen Books ;
|a New York :
|b Distributed by Simon & Schuster,
|c [2004]
|
| 300 |
|
|
|a 499 pages ;
|c 24 cm
|
| 336 |
|
|
|a text
|b txt
|2 rdacontent
|
| 337 |
|
|
|a unmediated
|b n
|2 rdamedia
|
| 338 |
|
|
|a volume
|b nc
|2 rdacarrier
|
| 490 |
1 |
|
|a Guardians of the flame
|
| 500 |
|
|
|a A Baen Books megabook"--Title page verso.
|
| 505 |
0 |
|
|a Bk. 1. The road to Ehvenor -- bk. 2. The road home.
|
| 520 |
|
|
|a Jason Cullinane, son of one of the original Guardians of the Flame, takes up his father's mantle as baron and deals with an invasion of wolf-like creatures entering through a rift into another world.
|
| 650 |
|
0 |
|a Fantasy games
|v Fiction.
|
| 650 |
|
7 |
|a Fantasy games.
|2 fast
|0 (OCoLC)fst00920831
|
| 655 |
|
7 |
|a Fantasy fiction.
|2 fast
|0 (OCoLC)fst01726607
|
| 655 |
|
7 |
|a Fantasy fiction, American.
|2 fast
|0 (OCoLC)fst01750169
|
| 655 |
|
7 |
|a Fiction.
|2 fast
|0 (OCoLC)fst01423787
|
| 655 |
|
7 |
|a Fantasy fiction.
|2 gsafd
|
| 655 |
|
7 |
|a Fantasy fiction.
|2 lcgft
|
| 700 |
1 |
|
|a Rosenberg, Joel,
|d 1954-2011.
|t Road to Ehvenor.
|
| 700 |
1 |
|
|a Rosenberg, Joel,
|d 1954-2011.
|t Road home.
|
| 758 |
|
|
|i has work:
|a Guardians of the flame (Text)
|1 https://id.oclc.org/worldcat/entity/E39PCGRjdpQQFy4rRrMhDkjHmd
|4 https://id.oclc.org/worldcat/ontology/hasWork
|
| 800 |
1 |
|
|a Rosenberg, Joel,
|d 1954-2011.
|t Guardians of the flame novel.
|
| 938 |
|
|
|a Ingram Library Services
|b INGR
|n in014692791
|
| 938 |
|
|
|a Baker & Taylor
|b BKTY
|c 24.00
|d 18.00
|i 074348858X
|n 0004462997
|s active
|
| 938 |
|
|
|a Brodart
|b BROD
|n 01996983
|c $24.00
|
| 938 |
|
|
|a Baker and Taylor
|b BTCP
|n 2004019235
|
| 948 |
|
|
|h HELD BY TXA - 80 OTHER HOLDINGS
|
| 994 |
|
|
|a Z0
|b TXA
|
| 999 |
f |
f |
|s df6b4b7f-7b0d-3537-a65c-a01ec5764bbe
|i 39195455-eb58-3b20-af9a-72fe233a7f12
|t 0
|
| 952 |
f |
f |
|p ric
|a Texas A&M University
|b Rellis Campus
|c Joint Library Facility
|s JLF
|d Remote Storage
|t 0
|e PS3568.O786 G836 2004
|h Library of Congress classification
|i unmediated -- volume
|m A14831729812
|
| 998 |
f |
f |
|a PS3568.O786 G836 2004
|t 0
|l Remote Storage
|